000 00608nam a2200205 a 4500
001 000010131
005 20240412074215.0
008 091005s2005 dr 000 p spa d
040 _aDO-SdBNP
_bspa
_cBNPHU
082 _aRD861.5
_bR457d, 2005
100 1 _aReyes Bryan, Edgar
_925119
245 1 0 _aDesignios de mi alma /
_cEdgar Reyes Bryan.
250 _a2a ed.
260 _aSanto Domingo :
_bBúho,
_c2005.
300 _a116 p. ;
_c23 cm.
590 _aInventariado, 2019 / DG
650 0 _aPoesía dominicana
_966
650 0 _aLiteratura dominicana.
_967
910 _aValidado. Control de calidad BNPHU
999 _c9890
_d9890